Gehe nicht nach Asien! - Sudden Death - Flaggen - Statistiken

Allgemein
  • Dieses Quiz wurde 1.411 mal gespielt
  • Das Durchschnittsergebnis liegt bei 6 aus 20
Answers on the Grid
Answers color-coded by a green-red scale on the quiz's grid according to % correct below.
 
Antwortstatistiken
Antwort % Korrekt
96%
49%
41%
40%
38%
32%
29%
29%
27%
26%
24%
23%
21%
20%
18%
16%
16%
14%
14%
13%
Keine übereinstimmenden Quizze gefunden
Verteilung der Resultate
Anzahl Personen mit jedem Resultat
Perzentil nach korrekt beantworteten Fragen
Ihre Resultats-Entwicklung
Sie haben dieses Quiz noch nicht gespielt